000 00683nam a2200241Ia 4500
003 OSt
005 20221005070106.0
006 a|||||r|||| 00| 0
007 ta
008 221004b |||||||| |||| 00| 0 urd d
024 _a121641
037 _bGift, 03/10/2012,
_cTextual
040 _aCRL
_cCRL
_burd
041 _2urd
_aurd
082 _aO168,1NFA,SR, P8
100 _aFaiz Fakharuddin Gauri
_9605287
245 0 _aSirisht-e-rang wa bu
260 _aMumbai
_bQasim India
_c2008
300 _a304p.
_ccm.
650 _aURDU POETRY
942 _hO168,1NFA,SR, P8
_cTEXL
_2cc
999 _c975643
_d975643